1110 1535 1342 1186 1750 1357 1663 1164 1536 1932 1048 1296 1742 1394 1929 1170 1968 1264 1179 1082 1909 1373 1429 1344 1784 1446 1695 1665 1077 1137 1567 1044 1012 1844 1760 1121 1366 1240 1032 1761 1860 1648 1950 1993 1373 1032 1437 1473 1385 1642 1242 1815 1258 1404 1639 1105 1371 1053 1066 1346 1175 1378 1455 1061 1167 1987 1467 1018 1855 1014 1587 1993 1874 1277 1090 1379 1002 1878 1609 1298 1644 1187 1085 1836 1629 1434 1971 1173 1472 1785 1074 1828 1922 1535 1645 1307 1118 1399 1700 BCNSPRNW ULIB Ver.6.0+V

เปลี่ยนเป็นภาษาไทย

Change to English
 แสดงรายละเอียดบรรณานุกรม
  กลับหน้าหลัก

Brief Record : Get Marc (ISO 2709) : E-mail record : QR code < ปิดหน้าต่าง
LEADER : 00000nam 2200000uu 4500
001    13399123320
003     ULIB
008    140820s2553||||th 000 0 tha d
090    ^aนว^bน477พ
100 0  ^aนายา
245 10 ^aภาพพรางใจ /^cนายา
250    ^aพิมพ์ครั้งที่ 3
260    ^aกรุงเทพฯ :^bเพื่อนดี,^c2553
300    ^a312 หน้า ;^c21 ซม.
650  4 ^aนวนิยายไทย
945    ^p220^l0^i034620
999    ^aเกษร โพธิ์สุวรรณ
รายการนี้ยังไม่มีแท็ก
คุณยังไม่ได้ล็อกอิน คุณสามารถมีกิจกรรมร่วมกับเว็บไซต์ได้ แต่ต้องล็อกอินก่อน ::
  ล็อกอิน

รายการสื่อสารสนเทศ

ลำดับที่ ประเภท เลขเรียก/บาร์โค้ด สถานที่ สถานะ
1. นวนิยาย
นวนิยาย
นว น477พ ฉ.1 
  Barcode: 034620
ห้องสมุดวิทยาเขตสวรรค์ประชารักษ์
►นวนิยาย
บนชั้น
  ขอยืม
Note:อภินันทนาการโดย อาจารย์จุฑารัตน์ สว่างชัย

รายการใกล้เคียง
    ผู้แต่ง [นายา]

    หัวเรื่อง [นวนิยายไทย]

BibComment


ยังไม่เคยถูกคอมเมนท์

คอมเมนท์ทรัพยากรรายการนี้
  คอมเมนท์: ภาพพรางใจ นายา


 Copyright 2026. Bcnsprnw @Library